Brands Once Owned by British Leyland - Statistics

General Stats
  • This quiz has been taken 79 times
  • The average score is 11 of 19
Answer Stats
Hint Answer % Correct
founded in 1905, was discontinued in 1987, was owned by BL from '67 to '88 Austin
96%
wasn't its own brand until 2000, was produced from 1959-2000, and then got it's own brand, makers of the Cooper. Mini
90%
founded in 1912 as WRM Motors, renamed in 1919, was owned by BL from '68 to '86 Morris
88%
founded in 1878, discontinued in 2005, BL owned it from '67-'90 Rover
88%
founded in 1885 as a import/export company, defunct in 1984, after their last car, based on the Honda Ballade, the Acclaim Triumph
86%
founded in 1924, still making automobiles under ownership by SAIC Motor, a Chinese company MG
78%
founded in 1935, still making cars, luxury, was dropped by BL in 1984 Jaguar
76%
commercial vehicles, part of the original merger to form BL Leyland
73%
was created in 1948 by one of the brands listed above, still makes cars, was part of the company that created the car until 1978 when it was given its own company, but still was part of BL Land Rover
71%
a joint venture between Austin of BMC and Donald Healey Motor Corporation Austin-Healey
57%
a coachbuilder company that did work for companies in BL, also owned by BL Vanden Plas
47%
normal vehicles, produced from 1901 to 1975 Wolseley
47%
normal vehicles, was discontinued in 2007 dropped by BL in '84 Daimler
43%
normal vehicles, last vehicle produced in '69 Riley
43%
normal vehicles, the slogan was "the Union Jack is a standard", founded in 1903 Standard
39%
the brand was discontinued in 1955, but is still active Lanchester
22%
founded in 1919, defunct in 1967, was swept into BL Alvis
16%
brand was dropped in 72, the vehicles were then produced under another brand Albion
10%
did not make many vehicles, but owned companies that did, defunct in 1973 BSA
10%
No matching quizzes found
Score Distribution
Percent of People with Each Score
Percentile by Number Answered
Your Score History
You have not taken this quiz